Educación y lucha de clases
Guardat en:
| Autor principal: | |
|---|---|
| Format: | Llibre |
| Idioma: | espanyol |
| Publicat: |
Madrid
Akal
1987
|
| Col·lecció: | Akal Bolsillo
|
| Matèries: | |
| Etiquetes: |
Afegir etiqueta
Sense etiquetes, Sigues el primer a etiquetar aquest registre!
|
MARC
| LEADER | 00000nam a2200000 a 4500 | ||
|---|---|---|---|
| 001 | UCL3530 | ||
| 003 | CL-VaPUC | ||
| 008 | 031128e19870000SP |||||||||||||||||spa|d | ||
| 020 | |a 8476002556 | ||
| 082 | 0 | 4 | |a 335.411 |b PON |2 21 |
| 100 | 0 | |a Ponce, Aníbal |e author |9 480842 | |
| 245 | 1 | 0 | |a Educación y lucha de clases |
| 300 | |a 188 p | ||
| 942 | |c BK | ||
| 945 | |d 20031128 00:00:00 |a cmena | ||
| 260 | |a Madrid |b Akal |c 1987 | ||
| 650 | 0 | |a Filosofía marxista |9 337959 | |
| 650 | 7 | |a MARXISMO |2 CL-VaPUC |9 480843 | |
| 650 | 0 | |a Educación |9 258661 | |
| 650 | 7 | |a CONFLICTO DE CLASES |2 CL-VaPUC |9 337068 | |
| 650 | 7 | |a CONCIENCIA DE CLASE |2 CL-VaPUC |9 339538 | |
| 583 | |a last modification |c 20031128 00:00:00 |k Rodrigo Vera | ||
| 490 | 0 | |a Akal Bolsillo | |
| 999 | |c 306558 |d 306556 | ||
| 952 | |0 0 |1 0 |4 0 |6 335_411000000000000_PON_1987 |7 0 |8 A |9 371619 |a BIBGIM |b BIBGIM |d 2019-11-21 |i 3969266 |o 335.411 PON 1987 |p 3969266 |r 2025-01-15 |w 2019-11-21 |y BK |k GIM | ||